S. Chand's Revised Edition; (Record no. 207265)

MARC details
000 -LEADER
fixed length control field 00627 a2200205 4500
005 - DATE AND TIME OF LATEST TRANSACTION
control field 20241129152415.0
010 ## - LCCN (DPL NO)
LC control number B-761300
020 ## - INTERNATIONAL STANDARD BOOK NUMBER
International Standard Book Number 9789364680592
Terms of availability 550.00
035 ## - SYSTEM CONTROL NUMBER
System control number B-761300
037 ## - SOURCE OF ACQUISITION
Source of stock number/acquisition Gift/28.11.24
082 ## - DEWEY DECIMAL CLASSIFICATION NUMBER
Classification number 500
100 ## - MAIN ENTRY--PERSONAL NAME
Personal name Lakhmir Singh
245 ## - TITLE STATEMENT
Title S. Chand's Revised Edition;
Remainder of title As per NCF 2023 for Class 8 /
Statement of responsibility, etc Lakhmir Singh and Manjit Kaur
260 ## - PUBLICATION, DISTRIBUTION, ETC. (IMPRINT)
Place of publication, distribution, etc U.P.
Name of publisher, distributor, etc S. Chand's
Date of publication, distribution, etc 2025
270 ## - ADDRESS
Address U. P.
300 ## - PHYSICAL DESCRIPTION
Extent 258 p.
Dimensions 25cm (Pb)
700 ## - ADDED ENTRY--PERSONAL NAME
Personal name Kaur, Manjit
9 (RLIN) 74251
942 ## - ADDED ENTRY ELEMENTS (KOHA)
Institution code [OBSOLETE] dpl
Item type Children Books
Source of classification or shelving scheme Dewey Decimal Classification
Classification part 500
Call number suffix LAK
Holdings
Withdrawn status Lost status Not for loan Collection code Home library Current library Date acquired Source of acquisition Cost, normal purchase price Full call number Barcode Copy number Cost, replacement price Koha item type Public note
      Non-fiction Ashok Vihar Ashok Vihar 29/11/2024 Gift/28.11.24 550.00 500 LAK B-761300 1 550.00 Children Books Gift

© Delhi Public Library
Hit Counter
free hit counter